Evaluación de riesgos por puestos de trabajo en el área de administración y producción de concreto en la empresa Concretos y Mas S.A., ubicada en la Pista Sabana Grande, Managua
La empresa Concretos y Más S.A desea realizar un plan de Prevención de Higiene y Seguridad por puesto de trabajo para el área de producción y administración que contemple una inspección, identificación y evaluación de cada uno de los factores de riesgos laborales a los cuales están expue...
| Main Authors: | , , |
|---|---|
| Other Authors: | |
| Format: | Tesis Section = Libro |
| Language: | Undetermined Spanish |
| Published: |
Managua
UNI
2020
|
| Subjects: |
| LEADER | 01335nam a2200277Ia 4500 | ||
|---|---|---|---|
| 008 | 240830s9999 xx 000 0 und d | ||
| 040 | |a BIBLIOTECA-RUPAP/ Mon 363.11 C397 | ||
| 041 | |a spa | ||
| 082 | |a Mon 363.11 C397 | ||
| 100 | 1 | |a Centeno Vélez, Francisco Ramón | |
| 100 | 1 | |b Mendoza Porras, Martin Ernesto | |
| 100 | 1 | |c Mercado Morales, Juan Carlos | |
| 245 | 1 | 0 | |a Evaluación de riesgos por puestos de trabajo en el área de administración y producción de concreto en la empresa Concretos y Mas S.A., ubicada en la Pista Sabana Grande, Managua |
| 260 | |a Managua |b UNI |c 2020 | ||
| 300 | |a 127 p. :il. | ||
| 500 | |a Contiene: anexos y CD. | ||
| 502 | |a Tesis (Ingeniero Industrial) - UNI, 2020. | ||
| 520 | 3 | |a La empresa Concretos y Más S.A desea realizar un plan de Prevención de Higiene y Seguridad por puesto de trabajo para el área de producción y administración que contemple una inspección, identificación y evaluación de cada uno de los factores de riesgos laborales a los cuales están expuestos los trabajadores. | |
| 650 | 7 | |a EVALUACION DE RIESGOS-NICARAGUA | |
| 650 | 7 | |b SEGURIDAD INDUSTRIAL | |
| 650 | 7 | |c SALUD OCUPACIONAL | |
| 650 | 7 | |d ACCIDENTES DE TRABAJO AMBIENTE LABORAL | |
| 700 | 1 | |a Tutor: |b Reyes Gómez, Arlen Patricia | |
| 942 | |c BK |2 ddc | ||
| 991 | |a TESIS | ||
| 999 | |c 18981 | ||